| 000 | 00560nam a22001697a 4500 | ||
|---|---|---|---|
| 010 | _aENG-144875 | ||
| 020 |
_a9788185984827 _c400.00 |
||
| 035 | _aEN-128407 | ||
| 037 | _bDBAD | ||
| 082 | _a921 | ||
| 100 |
_aMani, M. K. _981175 |
||
| 245 |
_aRabindranath & Sri Aurobindo- Two heavenly germs on earth/ _cJanganmoy Bandyopandhyay |
||
| 260 |
_aCalcutta _bSigma Publications _c2018 |
||
| 270 |
_aBarnaparichay Books Market, 1st Floor (AI) College Street _bCulcutta _e700005 |
||
| 300 |
_axii;177p. _c24cm.(HB) |
||
| 942 |
_2ddc _cEN _h921 _mMAN |
||
| 999 |
_c211267 _d211267 |
||